[Event "Lichtenrader Herbst"]
[Site "Berlin"]
[Date "2010.10.23"]
[Round "8.17"]
[White "Bonke, Hans-Juergen"]
[Black "Zschaebitz, Klaus"]
[Result "0-1"]
[WhiteElo "1968"]
[BlackElo "2053"]
[PlyCount "70"]
[EventDate "2010.??.??"]
[WhiteTeam "SC Kreuzberg e.V."]
[BlackTeam "BSG 1827 Eckbauer e.V."]

1. g3 d5 2. Bg2 Nf6 3. d3 c5 4. e3 e5 5. Nd2 Nc6 6. Ne2 Be6 7. h3 Qd7 8. b3 Bd6
9. Bb2 Bc7 10. a3 O-O-O 11. b4 c4 12. d4 e4 13. Bc3 Ne8 14. a4 Nd6 15. Nf4 Nf5
16. Nxe6 fxe6 17. h4 Bxg3 18. fxg3 Nxe3 19. Qe2 Nxc2+ 20. Kd1 Nxa1 21. Bxa1
Nxb4 22. Qg4 h5 23. Qg5 Qxa4+ 24. Ke2 Qc2 25. Qe3 Nd3 26. Bxe4 dxe4 27. Qxe4
Kb8 28. Rb1 Nc1+ 29. Ke3 Qxe4+ 30. Kxe4 Nb3 31. Nxc4 Nxa1 32. Rxa1 Rd5 33. Ne3
Rd7 34. Ke5 Rh6 35. Ra4 Rf6 0-1

[Event "Lichtenrader Herbst"]
[Site "Berlin"]
[Date "2010.10.23"]
[Round "8.18"]
[White "Damm, Holger"]
[Black "Kirchhof, Arno"]
[Result "0-1"]
[WhiteElo "1831"]
[BlackElo "2040"]
[PlyCount "48"]
[EventDate "2010.??.??"]
[WhiteTeam "SC Riesa"]
[BlackTeam "SC Zugzwang 95 e.V."]

1. e4 e6 2. d4 d5 3. exd5 exd5 4. c4 Bb4+ 5. Nc3 Ne7 6. a3 Bxc3+ 7. bxc3 O-O 8.
Bd3 dxc4 9. Bxc4 Nd5 10. Ne2 Nc6 11. O-O Bg4 12. f3 Be6 13. Bb3 Na5 14. Bc2 Qf6
15. Qd3 Qg6 16. Qxg6 hxg6 17. Rb1 b6 18. Bd3 Bf5 19. Be4 Rae8 20. Bd2 Nc4 21.
Be1 Bxe4 22. fxe4 Rxe4 23. Ng3 Re6 24. Bf2 Nd2 0-1

[Event "Lichtenrader Herbst"]
[Site "Berlin"]
[Date "2010.10.23"]
[Round "8.19"]
[White "Lueders, Gerhard"]
[Black "Sicora, Carsten"]
[Result "0-1"]
[WhiteElo "2204"]
[BlackElo "1932"]
[PlyCount "78"]
[EventDate "2010.??.??"]
[WhiteTeam "BSC Rehberge 1945 e.V."]
[BlackTeam "vereinslos"]

1. g3 Nf6 2. Bg2 g6 3. d3 Bg7 4. e4 d6 5. Nc3 O-O 6. Nge2 c6 7. h3 Nbd7 8. Be3
h6 9. Qd2 Kh7 10. f4 e5 11. O-O-O Qa5 12. Kb1 b5 13. Rdf1 b4 14. Nd1 d5 15.
fxe5 Nxe5 16. Rxf6 Bxf6 17. Bxh6 Bg7 18. Bxg7 Kxg7 19. exd5 cxd5 20. Nf4 Bb7
21. Ne3 d4 22. Nf5+ gxf5 23. Bxb7 Rab8 24. Bd5 Rh8 25. Qg2 Rbd8 26. Re1 b3 27.
Rxe5 Qxa2+ 28. Kc1 Qa1+ 29. Kd2 bxc2 30. Kxc2 Rb8 31. b3 Rhc8+ 32. Bc4 Rxc4+
33. dxc4 d3+ 34. Nxd3 Qa2+ 35. Nb2 Rxb3 36. Qd5 Rxb2+ 37. Kc3 Qb3+ 38. Kd4 Rd2+
39. Kc5 Qb6# 0-1

[Event "Lichtenrader Herbst"]
[Site "Berlin"]
[Date "2010.10.23"]
[Round "8.59"]
[White "Muehlhan, Klaus"]
[Black "Boettcher, Patrick"]
[Result "0-1"]
[WhiteElo "1944"]
[BlackElo "2177"]
[PlyCount "108"]
[EventDate "2010.??.??"]
[WhiteTeam "SC Empor Potsdam 1952 e.V."]
[BlackTeam "SC Zitadelle Spandau 1977 e.V."]

1. e4 c5 2. d4 cxd4 3. c3 Nf6 4. Bd3 Nc6 5. Nf3 dxc3 6. Nxc3 d6 7. O-O Bg4 8.
Be3 e6 9. Qb3 Qd7 10. Rfd1 Be7 11. Be2 Bxf3 12. gxf3 O-O 13. f4 Rfd8 14. e5 Ne8
15. Ne4 Qc7 16. Bg4 dxe5 17. f5 exf5 18. Bxf5 Nd4 19. Bxd4 exd4 20. Rd3 Nd6 21.
Nxd6 Bxd6 22. Rh3 g6 23. Be4 Rd7 24. Rd1 Rc8 25. Kg2 Be5 26. Rh4 Bf6 27. Rg4
Kg7 28. Rd3 b6 29. Rf3 Qc4 30. Qxc4 Rxc4 31. Bd3 Rc5 32. h4 h5 33. Rgf4 Be5 34.
Re4 f5 35. Re1 Bf6 36. Kh3 Rdc7 37. Rg3 R7c6 38. b3 Be5 39. Rf3 Kf6 40. Bc4 b5
41. Bd3 a6 42. Kg2 Rc1 43. Re2 Ra1 44. Rh3 Rcc1 45. a4 Rg1+ 46. Kf3 bxa4 47.
bxa4 Rxa4 48. Rc2 Ra3 49. Ke2 Rga1 50. Rc6+ Kg7 51. Rb6 R1a2+ 52. Kf1 Rc3 53.
Re6 Rd2 54. Bxf5 gxf5 0-1

[Event "Lichtenrader Herbst"]
[Site "Berlin"]
[Date "2010.10.24"]
[Round "9.1"]
[White "Graf, Alexander"]
[Black "Stern, Rene"]
[Result "1-0"]
[WhiteElo "2606"]
[BlackElo "2506"]
[PlyCount "165"]
[EventDate "2010.??.??"]
[WhiteTeam "SK König Plauen"]
[BlackTeam "SK König Tegel 1949 e.V."]

1. d4 Nf6 2. c4 e6 3. Nf3 d5 4. g3 dxc4 5. Bg2 c5 6. O-O Nc6 7. dxc5 Qxd1 8.
Rxd1 Bxc5 9. Nbd2 c3 10. bxc3 O-O 11. Nb3 Be7 12. Nfd4 Bd7 13. Bg5 Rfd8 14.
Bxf6 Bxf6 15. Nc5 Nxd4 16. cxd4 Bc8 17. e3 Rb8 18. Rac1 Be7 19. Rb1 b6 20. Nd3
Bd7 21. Ne5 Be8 22. Nc6 Bxc6 23. Bxc6 Rbc8 24. Bb5 Rc2 25. a4 g6 26. Rbc1 Rdc8
27. Rxc2 Rxc2 28. d5 exd5 29. Rxd5 Rc7 30. Kg2 Kg7 31. h3 Bc5 32. g4 a5 33. h4
h6 34. g5 hxg5 35. hxg5 Re7 36. Kf3 Bb4 37. Ke2 Ba3 38. Bd3 Bb2 39. Rd6 Re6 40.
Rd7 Ba3 41. Bc4 Re7 42. Rd8 Bc5 43. Rd5 Re4 44. Bb5 Re6 45. Rd3 Rd6 46. Rc3 Rd5
47. f4 Rd8 48. Kf3 Rd1 49. e4 Ra1 50. Rc2 Re1 51. e5 Rd1 52. Re2 Rf1+ 53. Kg3
Rg1+ 54. Kh2 Rf1 55. Re4 Rf3 56. Kg2 Re3 57. Rc4 Rb3 58. Rc2 Rb4 59. Kf3 Rd4
60. Re2 Kf8 61. Re1 Bb4 62. Re2 Bd2 63. e6 fxe6 64. Rxe6 Rxf4+ 65. Ke2 Rd4 66.
Rxg6 Kf7 67. Rf6+ Ke7 68. Rf5 Bc1 69. g6 Rg4 70. Rf7+ Kd6 71. Rb7 Bb2 72. Rxb6+
Ke5 73. Bd7 Rg5 74. Kd3 Rg3+ 75. Kc4 Ba1 76. Rb1 Kd6 77. Bf5 Bf6 78. Rb6+ Ke5
79. Rb5+ Kf4 80. Rxa5 Rg5 81. Rd5 Rxf5 82. Rxf5+ Kxf5 83. a5 1-0

[Event "Lichtenrader Herbst"]
[Site "Berlin"]
[Date "2010.10.24"]
[Round "9.2"]
[White "Richter, Michael"]
[Black "Neelotpal, Das"]
[Result "1/2-1/2"]
[WhiteElo "2459"]
[BlackElo "2454"]
[PlyCount "79"]
[EventDate "2010.??.??"]
[WhiteTeam "Schachpinguine Berlin e.V."]

1. d4 d5 2. c4 c6 3. cxd5 cxd5 4. Nf3 Nc6 5. Nc3 Nf6 6. Bf4 Ne4 7. e3 Nxc3 8.
bxc3 g6 9. Bb5 Bd7 10. Qb3 e6 11. Ne5 Bg7 12. Bxc6 Bxc6 13. Nxc6 bxc6 14. Qa3
Bf6 15. Rb1 Be7 16. Qa6 O-O 17. O-O Qc8 18. Rb7 Bd8 19. Bd6 Re8 20. Rfb1 Bb6
21. Rb4 c5 22. dxc5 Bxc5 23. Bxc5 Qxc5 24. Rb3 Rec8 25. h4 h5 26. Qe2 Rc7 27.
Qf3 Qe7 28. Rxc7 Qxc7 29. Qf6 Rb8 30. Qd4 Rd8 31. Ra3 Rd7 32. Qb4 Qd8 33. Ra5
Rb7 34. Qxb7 Qxa5 35. Qb8+ Kg7 36. Qe5+ Kh7 37. Qf4 Kg8 38. Qb8+ Kg7 39. Qe5+
Kg8 40. Qb8+ 1/2-1/2

[Event "Lichtenrader Herbst"]
[Site "Berlin"]
[Date "2010.10.24"]
[Round "9.3"]
[White "Meister, Jakob"]
[Black "Rabiega, Robert"]
[Result "1-0"]
[WhiteElo "2479"]
[BlackElo "2515"]
[PlyCount "93"]
[EventDate "2010.??.??"]
[WhiteTeam "SK Zehlendorf e.V."]
[BlackTeam "SK König Tegel 1949 e.V."]

1. c4 e5 2. Nc3 Nf6 3. e3 Bb4 4. Nge2 O-O 5. a3 Bxc3 6. Nxc3 d5 7. cxd5 Nxd5 8.
Qc2 Nc6 9. Nxd5 Qxd5 10. Bd3 Qxg2 11. Bxh7+ Kh8 12. Be4 Bf5 13. Bxg2 Bxc2 14.
b4 Bd3 15. Bb2 a5 16. Bxc6 bxc6 17. bxa5 Rxa5 18. Bc3 Ra4 19. Bxe5 Rfa8 20. f3
R8a7 21. Kf2 c5 22. h4 f6 23. Bb2 Rb7 24. Bc3 Rba7 25. h5 Rxa3 26. Rag1 Ra2 27.
e4 Kh7 28. Rg6 c6 29. Rhg1 Rf7 30. h6 gxh6 31. Bxf6 Raa7 32. Ke3 Rad7 33. f4 h5
34. f5 Bc4 35. R1g5 Rd3+ 36. Kf4 Rh3 37. Ke5 Rd7 38. Bg7 Kg8 39. Bh6+ Kf7 40.
Rf6+ Ke7 41. Rf8 Rd8 42. f6+ Kd7 43. Rg7+ Kc8 44. Rxd8+ Kxd8 45. f7 Rf3 46.
Rg8+ Ke7 47. f8=Q+ 1-0

[Event "Lichtenrader Herbst"]
[Site "Berlin"]
[Date "2010.10.24"]
[Round "9.5"]
[White "Schulz, Olaf"]
[Black "Radovanovic, Jovica"]
[Result "0-1"]
[WhiteElo "1955"]
[BlackElo "2305"]
[PlyCount "50"]
[EventDate "2010.??.??"]
[WhiteTeam "SC Rotation Pankow e.V."]
[BlackTeam "SK Aleksandar Matanovic"]

1. d4 Nf6 2. c4 e6 3. Nf3 b6 4. g3 Ba6 5. Qc2 c5 6. d5 exd5 7. cxd5 Bb7 8. e4
Qe7 9. Nc3 Nxd5 10. Nxd5 Bxd5 11. Ng5 h6 12. Be2 Bb7 13. Nxf7 Qxf7 14. Bf4 Nc6
15. Bc4 Qg6 16. O-O-O Nd4 17. Qc3 Be7 18. Rhe1 Bg5 19. Bd5 Bc6 20. b4 Bxf4+ 21.
gxf4 Qd6 22. Qe3 Rf8 23. f5 Bxd5 24. exd5+ Kd8 25. bxc5 Qxc5+ 0-1

[Event "Lichtenrader Herbst"]
[Site "Berlin"]
[Date "2010.10.24"]
[Round "9.8"]
[White "Buttkus, Andre"]
[Black "Gruzmann, Boris"]
[Result "0-1"]
[WhiteElo "2088"]
[BlackElo "2236"]
[PlyCount "76"]
[EventDate "2010.??.??"]
[WhiteTeam "SK Tempelhof 1931 e.V."]
[BlackTeam "TuS Makkabi Berlin e.V."]

1. d4 Nf6 2. c4 g6 3. Nc3 Bg7 4. e4 d6 5. f4 c5 6. Nf3 cxd4 7. Nxd4 O-O 8. Be2
Nc6 9. Be3 Bd7 10. O-O a6 11. Nb3 Rb8 12. c5 Re8 13. Bf3 Be6 14. Nd5 Bxd5 15.
exd5 Na5 16. Rc1 Nxb3 17. Qxb3 Nd7 18. cxd6 exd6 19. Ba7 Nc5 20. Rxc5 Bd4+ 21.
Kh1 Bxc5 22. Bxb8 Qxb8 23. Qd1 Be3 24. g3 Qc7 25. Re1 Qc4 26. b3 Qc3 27. Qe2
Kg7 28. Rd1 Bxf4 29. Qf1 Bd2 30. Qf2 Re3 31. Bg4 Be1 32. Qf1 h5 33. Bd7 h4 34.
gxh4 Bxh4 35. Qf4 Bf6 36. Rf1 Re2 37. Qc4 Qe5 38. Bh3 Qxh2# 0-1

[Event "Lichtenrader Herbst"]
[Site "Berlin"]
[Date "2010.10.24"]
[Round "9.9"]
[White "Niehaus, Frank"]
[Black "Kropman, Alexei"]
[Result "1/2-1/2"]
[WhiteElo "2232"]
[BlackElo "2055"]
[PlyCount "84"]
[EventDate "2010.??.??"]
[WhiteTeam "SK König Tegel 1949 e.V."]
[BlackTeam "TuS Makkabi Berlin e.V."]

1. e4 e5 2. Nf3 Nc6 3. Bb5 a6 4. Ba4 Nf6 5. O-O Be7 6. Re1 b5 7. Bb3 d6 8. c3
O-O 9. h3 Na5 10. Bc2 c5 11. d4 Nd7 12. Nbd2 exd4 13. cxd4 Nc6 14. Nf1 cxd4 15.
Nxd4 Nxd4 16. Qxd4 Ne5 17. Rd1 Be6 18. f4 Nc6 19. Qf2 Qc7 20. f5 Bd7 21. Ne3
Ne5 22. Nd5 Qd8 23. Be3 Rc8 24. Bb6 Bh4 25. Qe2 Qg5 26. Be3 Qg3 27. Bb3 Bd8 28.
Bf4 Qh4 29. Kh2 Bg5 30. Bg3 Qh6 31. Bxe5 dxe5 32. f6 Bc6 33. Ne7+ Kh8 34. Nxc8
Rxc8 35. Rd6 Bf4+ 36. g3 Bxg3+ 37. Kg2 Bf4 38. Bxf7 gxf6 39. Rad1 Qg7+ 40. Qg4
Qxg4+ 41. hxg4 Bxe4+ 42. Kg1 Be3+ 1/2-1/2

[Event "Lichtenrader Herbst"]
[Site "Berlin"]
[Date "2010.10.24"]
[Round "9.12"]
[White "Hein, Carsten"]
[Black "Lerch, Philipp"]
[Result "1-0"]
[WhiteElo "2165"]
[BlackElo "1965"]
[PlyCount "93"]
[EventDate "2010.??.??"]
[WhiteTeam "SC Empor Potsdam 1952 e.V."]
[BlackTeam "SK König Tegel 1949 e.V."]

1. c4 Nf6 2. Nc3 g6 3. g3 Bg7 4. Bg2 O-O 5. Nf3 d6 6. d4 Nc6 7. O-O Bf5 8. d5
Na5 9. Nd2 c5 10. e4 Bd7 11. Qe2 a6 12. h3 Rb8 13. a4 b5 14. axb5 axb5 15. cxb5
Qb6 16. Re1 Ne8 17. Bf1 Nc7 18. Na4 Qxb5 19. Qxb5 Bxb5 20. Nxc5 Bxf1 21. Kxf1
Rb5 22. Nd3 Rfb8 23. Rd1 Na6 24. Ra4 Nc5 25. Nxc5 dxc5 26. Nc4 Nxc4 27. Rxc4
Bd4 28. Kg2 Rb4 29. Rc2 Bxb2 30. Bxb2 Rxb2 31. Rxc5 Re2 32. Kf3 Rbb2 33. Rf1
Kg7 34. Rc6 h5 35. h4 Rbd2 36. Rc3 Ra2 37. Kf4 Rxf2+ 38. Rxf2 Rxf2+ 39. Ke5 Rd2
40. Rc7 Kf8 41. Rc8+ Kg7 42. Re8 Ra2 43. Rxe7 Ra6 44. Rc7 Rb6 45. d6 Rb5+ 46.
Kd4 Rb1 47. e5 1-0

[Event "Lichtenrader Herbst"]
[Site "Berlin"]
[Date "2010.10.24"]
[Round "9.14"]
[White "Sicora, Carsten"]
[Black "Cusnariov, Nicolai"]
[Result "1/2-1/2"]
[WhiteElo "1932"]
[BlackElo "2170"]
[PlyCount "98"]
[EventDate "2010.??.??"]
[WhiteTeam "vereinslos"]
[BlackTeam "USV Potsdam e.V., Abt. Schach"]

1. e4 c5 2. c3 d5 3. exd5 Qxd5 4. d4 cxd4 5. cxd4 e6 6. Nf3 Nf6 7. Be2 Be7 8.
Nc3 Qd8 9. Bf4 O-O 10. O-O Nc6 11. Rc1 Nb4 12. Ne5 Nbd5 13. Bg3 Qa5 14. Nc4 Qd8
15. Bf3 b6 16. Ne5 Bb7 17. Ne4 Rc8 18. Qa4 a6 19. Nxf6+ gxf6 20. Ng4 b5 21. Qb3
f5 22. Nh6+ Kh8 23. Rxc8 Qxc8 24. Nxf5 exf5 25. Bxd5 Bxd5 26. Qxd5 Qe6 27. Be5+
Bf6 28. Bxf6+ Qxf6 29. Qe5 Qxe5 30. dxe5 Rc8 31. f4 Kg7 32. h3 h5 33. Rf2 a5
34. Rd2 Rc4 35. g3 b4 36. Kf2 h4 37. gxh4 Rxf4+ 38. Kg3 Rc4 39. Rd5 a4 40. Rb5
Kg6 41. Ra5 Rc2 42. Rxa4 Rxb2 43. Ra6+ Kg7 44. Kf4 Rf2+ 45. Kg5 f4 46. Ra7 f3
47. Kg4 Re2 48. Kxf3 Rxe5 49. Rb7 Ra5 1/2-1/2

[Event "Lichtenrader Herbst"]
[Site "Berlin"]
[Date "2010.10.24"]
[Round "9.15"]
[White "Cremer, Jan Paul"]
[Black "Jaeschke, Jens-Uwe"]
[Result "1-0"]
[WhiteElo "1976"]
[BlackElo "2158"]
[PlyCount "95"]
[EventDate "2010.??.??"]
[WhiteTeam "Schachpinguine Berlin e.V."]
[BlackTeam "Sfr.Nord-Ost Berlin"]

1. e4 c6 2. d4 d5 3. Nc3 dxe4 4. Nxe4 Bf5 5. Ng3 Bg6 6. h4 h6 7. Nf3 Nd7 8. h5
Bh7 9. Bd3 Bxd3 10. Qxd3 e6 11. Bd2 Ngf6 12. O-O-O Be7 13. Qe2 O-O 14. Ne5 a5
15. f4 Qc7 16. f5 Nxe5 17. dxe5 Nd5 18. Qg4 Qxe5 19. Rde1 Nf6 20. Qf3 Qd5 21.
Qxd5 Nxd5 22. fxe6 fxe6 23. Rxe6 Bb4 24. c3 Bc5 25. Ne4 Be3 26. Bxe3 Nxe3 27.
Nd6 Nd5 28. Nxb7 Rf2 29. Rhe1 Rxg2 30. Re8+ Rxe8 31. Rxe8+ Kf7 32. Nd6+ Kf6 33.
a4 Rh2 34. Nc4 Rxh5 35. Kc2 g5 36. Nxa5 g4 37. Nxc6 g3 38. Nd4 Rh2+ 39. Kb3 Nf4
40. Nf3 Kf5 41. Nxh2 gxh2 42. Re1 Kg4 43. a5 Kg3 44. Kc4 Kf2 45. Ra1 Kg2 46. a6
Ne6 47. a7 Nc7 48. b4 1-0

[Event "Lichtenrader Herbst"]
[Site "Berlin"]
[Date "2010.10.24"]
[Round "9.16"]
[White "Koenig, Frank"]
[Black "Maahs, Erich"]
[Result "1/2-1/2"]
[WhiteElo "1972"]
[BlackElo "2124"]
[PlyCount "109"]
[EventDate "2010.??.??"]
[WhiteTeam "BSG 1827 Eckbauer e.V."]
[BlackTeam "SC Concordia SAbt Palame"]

1. Nf3 Nf6 2. g3 b6 3. Bg2 Bb7 4. O-O c5 5. d3 d5 6. e4 dxe4 7. Ng5 h6 8. Nxe4
Nxe4 9. dxe4 Qxd1 10. Rxd1 e6 11. Nc3 a6 12. Na4 b5 13. Nb6 Ra7 14. a4 Bc6 15.
axb5 Bxb5 16. c4 Bc6 17. Bf4 Rb7 18. Na8 f6 19. Bxb8 Rxb8 20. Nc7+ Kf7 21. Rxa6
Bb7 22. Rb6 Be7 23. Nxe6 Ba8 24. Rxb8 Rxb8 25. Nc7 Bc6 26. Rd2 Rb4 27. Rc2 Ba4
28. Rd2 Rxc4 29. Bf1 Rc1 30. Kg2 c4 31. Nd5 Bc5 32. Nc3 Bb3 33. Rd7+ Ke6 34.
Rc7 Bd6 35. Bxc4+ Bxc4 36. Rxc4 Be5 37. Rc6+ Kf7 38. Rc5 Rc2 39. Na4 Rxc5 40.
Nxc5 Bxb2 41. h3 h5 42. f4 g6 43. g4 hxg4 44. hxg4 Bd4 45. Nd3 Ke6 46. Kf3 Bc3
47. Ke3 Kd6 48. Nc1 Ba5 49. Kd4 Bb6+ 50. Kc4 Be3 51. Nd3 Ke6 52. Kb5 Kd6 53.
Ka6 Bxf4 54. Nxf4 Ke5 55. Nxg6+ 1/2-1/2

[Event "Lichtenrader Herbst"]
[Site "Berlin"]
[Date "2010.10.24"]
[Round "9.17"]
[White "Witt, Ronald"]
[Black "Costello, Colin"]
[Result "1/2-1/2"]
[WhiteElo "2104"]
[BlackElo "1973"]
[PlyCount "167"]
[EventDate "2010.??.??"]
[WhiteTeam "Schachfreunde Zehdenick 76 e.V."]
[BlackTeam "SC Weisse Dame e.V."]

1. e4 e5 2. Nf3 Nc6 3. Bb5 Nf6 4. d3 d6 5. c3 Be7 6. O-O O-O 7. Re1 Bg4 8. Be3
Bh5 9. h3 Nd7 10. g4 Bg6 11. Nbd2 h5 12. Nf1 hxg4 13. hxg4 Nf6 14. Nh4 Bh7 15.
Nf5 Bxf5 16. gxf5 d5 17. Qf3 a6 18. Ba4 d4 19. Bd2 Nh7 20. Bc2 b5 21. Ng3 b4
22. c4 Bg5 23. Bxg5 Qxg5 24. Kg2 Nf6 25. Rh1 g6 26. Rag1 Kg7 27. Kf1 Qc1+ 28.
Bd1 Ne7 29. Nh5+ Nxh5 30. Rxh5 Qf4 31. Qxf4 exf4 32. e5 f6 33. fxg6 Nxg6 34.
exf6+ Rxf6 35. Rhg5 f3 36. Bxf3 Rxf3 37. Rxg6+ Kf7 38. R1g3 Rxg3 39. Rxg3 Ke6
40. Rg6+ Kf5 41. Rc6 Rh8 42. Rxa6 Rh1+ 43. Ke2 Rb1 44. Kf3 Rxb2 45. Ra5+ Ke6
46. Ke4 Rxf2 47. Kxd4 Rd2 48. Ra6+ Kd7 49. Ra4 Kc6 50. Rxb4 Rxa2 51. Kc3 Rh2
52. Rb5 Rh3 53. Rd5 Kb6 54. Kb4 c5+ 55. Kc3 Kc6 56. Kb3 Rg3 57. Kc3 Rh3 58. Rf5
Rg3 59. Rf6+ Kc7 60. Kd2 Rh3 61. Ke2 Kd7 62. Rf3 Rh6 63. Ke3 Kc6 64. Rf5 Rd6
65. Ke4 Rd4+ 66. Ke3 Rd6 67. Kd2 Rh6 68. Rf3 Re6 69. Kc3 Rh6 70. d4 cxd4+ 71.
Kxd4 Rh4+ 72. Kc3 Rh6 73. Kb4 Rg6 74. Ra3 Rg5 75. Ra6+ Kb7 76. Rh6 Rf5 77. c5
Rf1 78. Rh7+ Kc6 79. Rh6+ Kc7 80. Kb5 Rb1+ 81. Kc4 Rd1 82. Rh7+ Kc6 83. Rh6+
Kc7 84. Rh7+ 1/2-1/2

[Event "Lichtenrader Herbst"]
[Site "Berlin"]
[Date "2010.10.24"]
[Round "9.18"]
[White "Feikes, Joerg"]
[Black "Hohn, August"]
[Result "1-0"]
[WhiteElo "1968"]
[BlackElo "2053"]
[PlyCount "46"]
[EventDate "2010.??.??"]
[WhiteTeam "vereinslos"]
[BlackTeam "SC Zugzwang 95 e.V."]

1. e4 c6 2. d3 d5 3. Nd2 dxe4 4. dxe4 e5 5. Ngf3 Qc7 6. Bc4 Be7 7. O-O a5 8.
Re1 b5 9. Bf1 Be6 10. a4 bxa4 11. Nc4 Nd7 12. Rxa4 Bxc4 13. Rxc4 Nb6 14. Rc3
Bb4 15. Ree3 Bxc3 16. Rxc3 Ne7 17. Be3 O-O 18. Qa1 f6 19. Bc5 Rfe8 20. Qa3 Ng6
21. Qb3+ Kh8 22. Bxb6 Qd7 23. Qc4 Reb8 1-0

[Event "Lichtenrader Herbst"]
[Site "Berlin"]
[Date "2010.10.24"]
[Round "9.19"]
[White "Noetzel, Felix"]
[Black "Sauermann, Andreas"]
[Result "1-0"]
[WhiteElo "2025"]
[BlackElo "1961"]
[PlyCount "59"]
[EventDate "2010.??.??"]
[WhiteTeam "SC Borussia Friedrichsfelde 1920"]
[BlackTeam "1.Nichtraucher SC Berlin"]

1. e4 c5 2. d4 e6 3. Nf3 Nf6 4. Nc3 cxd4 5. Nxd4 Bb4 6. f3 Nxe4 7. fxe4 Qh4+ 8.
Ke2 Bxc3 9. bxc3 Qxe4+ 10. Be3 O-O 11. Qd3 Qg4+ 12. Kd2 f5 13. Be2 Qg6 14. Nf3
Nc6 15. g4 Qf6 16. gxf5 exf5 17. Rhg1 d6 18. Bg5 Qe6 19. Nd4 Qd7 20. Qf3 Ne5
21. Qd5+ Kh8 22. Bf4 Qe7 23. Rg3 Rb8 24. Rag1 Rf7 25. Bxe5 dxe5 26. Bc4 f4 27.
Rxg7 Be6 28. Nxe6 f3 29. Qxe5 Rd8+ 30. Nxd8 1-0

[Event "Lichtenrader Herbst"]
[Site "Berlin"]
[Date "2010.10.24"]
[Round "9.20"]
[White "Dorsch, Dieter"]
[Black "Powierski, Christian"]
[Result "1/2-1/2"]
[WhiteElo "2024"]
[BlackElo "1930"]
[PlyCount "27"]
[EventDate "2010.??.??"]
[WhiteTeam "SV Lok Leipzig-Mitte"]
[BlackTeam "Elmshorner SC von 1896"]

1. e4 c6 2. d4 d5 3. exd5 cxd5 4. Bd3 Nc6 5. c3 Nf6 6. Nf3 Bg4 7. Bf4 e6 8. h3
Bh5 9. O-O Be7 10. Nbd2 O-O 11. Qc2 Bg6 12. Rae1 Rc8 13. Qb1 b5 14. Ne5 1/2-1/2